Learning Resource and Development

Kulto ni Santiago / (Record no. 10647)

MARC details
000 -LEADER
fixed length control field 01281nam a2200289 i 4500
005 - DATE AND TIME OF LATEST TRANSACTION
control field 20240201120454.0
008 - FIXED-LENGTH DATA ELEMENTS--GENERAL INFORMATION
fixed length control field 200310s2019 ph 000 0 eng d
020 ## - INTERNATIONAL STANDARD BOOK NUMBER
International Standard Book Number 9789715428996
040 ## - CATALOGING SOURCE
Transcribing agency CSPC
Original cataloging agency CSPC
Description conventions rda
050 #4 - LIBRARY OF CONGRESS CALL NUMBER
Classification number PL5584.A2
082 04 - DEWEY DECIMAL CLASSIFICATION NUMBER
Classification number 899.215301
Item number C811k
100 1# - MAIN ENTRY--PERSONAL NAME
Personal name Cordero, Kristian Sendon,
Relator term author.
245 10 - TITLE STATEMENT
Title Kulto ni Santiago /
Statement of responsibility, etc. Kristian Sendon Cordero.
264 #1 - PRODUCTION, PUBLICATION, DISTRIBUTION, MANUFACTURE, AND COPYRIGHT NOTICE
Place of production, publication, distribution, manufacture Diliman, Quezon City :
Name of producer, publisher, distributor, manufacturer University of the Philippines Press,
Date of production, publication, distribution, manufacture, or copyright notice 2019.
300 ## - PHYSICAL DESCRIPTION
Extent xv, 271 pages :
Dimensions 24 cm.
336 ## - CONTENT TYPE
Source rdacontent
Content type term text
337 ## - MEDIA TYPE
Source rdamedia
Media type term unmediated
338 ## - CARRIER TYPE
Source rdacarrier
Carrier type term volume
505 0# - FORMATTED CONTENTS NOTE
Formatted contents note Kulto ni Santiago -- Mga mata ni Santa Lucia -- Languw (Bikol-Rinconada) -- Kulto ni Santiago -- Mga mata ni Santa Lucia -- Karnabal ng San Cristobal -- Langaw -- Salimpusa -- Ad astra per aspera -- Verbo.
546 ## - LANGUAGE NOTE
Language note Bikol and Tagalog.
650 #0 - SUBJECT ADDED ENTRY--TOPICAL TERM
Topical term or geographic name entry element Short stories, Bikol
Form subdivision Translations into Tagalog.
650 #0 - SUBJECT ADDED ENTRY--TOPICAL TERM
Topical term or geographic name entry element Short stories, Tagalog.
650 #4 - SUBJECT ADDED ENTRY--TOPICAL TERM
Topical term or geographic name entry element Short stories, Filipino.
710 2# - ADDED ENTRY--CORPORATE NAME
Corporate name or jurisdiction name as entry element University of the Philippines Press,
Relator term publisher.
942 ## - ADDED ENTRY ELEMENTS (KOHA)
Koha item type Books
Source of classification or shelving scheme Dewey Decimal Classification
Classification part 899.215301 C811k
Call number prefix BKL
Call number suffix 2019
Suppress in OPAC No
Holdings
Withdrawn status Lost status Source of classification or shelving scheme Damaged status Not for loan Home library Current library Shelving location Date acquired Total Checkouts Full call number Barcode Date last seen Copy number Price effective from Koha item type
    Dewey Decimal Classification     Main Library Main Library Bikoliana Section 05/12/2023   BKL 899.215301 C811k 2019 021740 05/12/2023 1-2 05/12/2023 Books
    Dewey Decimal Classification     Main Library Main Library Bikoliana Section 01/31/2024   BKL 899.215301 C811k 2019 026809 01/31/2024 2-2 01/31/2024 Books